000
00267nam a2200097Ia 4500
008
120527s9999 xx 000 0 und d
100
_a
MATHEWS, M.D.P
245
_a
Cultivation trials with ox drawn implements suing N'dama cattle in the
260
_b
TAEI
942
_c
BK
999
_c
25187
_d
25187